LEADER 01130nam0 2200277 450 001 9910436456503321 005 20210325183918.0 010 $a978-88-93911-54-2 100 $a20210219d2017----km y0itay50 ba 101 0 $aita 102 $aIT 105 $a 001yy 200 1 $aTutela dei soggetti deboli e trasformazioni del lavoro tra diritti e libertà$eprospettive nazionali e internazionali$eaggiornato alla Legge delega recante norme relative al contrasto della povertà, al riordino delle prestazioni e al sistema degli interventi e dei servizi sociali, Legge 24 marzo 2017, n. 33$fa cura di Madia D'Onghia e Eugenio Zaniboni 210 $aNapoli$cEditoriale Scientifica$d2017 215 $a213 p$d24 cm 610 0 $aIntegrazione sociale$eRuolo del lavoro 676 $a306.36$v22 700 1$aD'Onghia,$bMaria$0790876 701 1$aZaniboni, Eugenio$0136902 801 0$aIT$bUNINA$gREICAT$2UNIMARC 901 $aBK 912 $a9910436456503321 952 $aB-VII-87$fDDRC 959 $aDDRC 996 $aTutela dei soggetti deboli e trasformazioni del lavoro tra diritti e libertà$91766818 997 $aUNINA LEADER 01450nam a2200325 i 4500 001 991000677649707536 005 20020503194554.0 008 960313s1987 it ||| | ita 035 $ab10112935-39ule_inst 035 $aLE02520263$9ExL 040 $aFac. Economia$bita 082 0 $a342.042 082 0 $a342.09 082 0 $a353.9 100 1 $aMeale, Guido$0232530 245 10$aPrincipi di diritto regionale :$bordinamento e organizzazione delle regioni a statuto ordinario /$cGuido Meale 260 $aBari :$bCacucci,$c1987 300 $a426 p. ;$c25 cm. 500 $aIn testa al front.: Istituto di Diritto pubblico della Facoltà giuridica dell'Università di Bari. 650 4$aRegione$xOrdinamento 740 0 $aDiritto regionale 907 $a.b10112935$b29-10-14$c27-06-02 912 $a991000677649707536 945 $aLE005 DIR I A 288$g1$i2005000156762$lle005$o-$pE0.00$q-$rl$s- $t0$u0$v0$w0$x0$y.i13052081$z09-01-04 945 $aLE025 ECO 342 MEA01.01$g1$i2025000043527$lle025$o-$pE0.00$q-$rl$s- $t0$u0$v0$w0$x0$y.i1013203x$z27-06-02 945 $aLE025 ECO 342 MEA01.01$g2$i2025000043541$lle025$o-$pE0.00$q-$rl$s- $t0$u0$v0$w0$x0$y.i10132053$z27-06-02 945 $aLE025 ECO 342 MEA01.01$g3$i2025000043534$lle025$o-$pE0.00$q-$rl$s- $t0$u0$v0$w0$x0$y.i10132041$z27-06-02 996 $aPrincipi di diritto regionale$9198078 997 $aUNISALENTO 998 $ale005$a(3)le025$b01-01-96$cm$da $e-$fita$git $h0$i4 LEADER 01212nam--2200397---450- 001 990005880460203316 005 20130830111044.0 010 $a88-207-3925-9 035 $a000588046 035 $aUSA01000588046 035 $a(ALEPH)000588046USA01 035 $a000588046 100 $a20130830d2006----km-y0itay50------ba 101 $aita 102 $aIT 105 $a||||||||001yy 200 1 $a<> fantasma di Yorick$eLaurence Sterne e il romanzo sentimentale$fGiancarlo Mazzacurati$ga cura di Matteo Palumbo$gintroduzione di Mario Lavagetto 210 $aNapoli$cLiguori$d2006 215 $aXIV, 156 p.$d24 cm 225 2 $aLetterature$v66 410 0$12001$aLetterature$v66 454 1$12001 606 0 $aNarrativa$zSec. 18.-19.$2BNCF 676 $a809.3034 700 1$aMAZZACURATI,$bGiancarlo$032611 702 1$aPALUMBO,$bMatteo 702 1$aLAVAGETTO,$bMario 801 0$aIT$bsalbc$gISBD 912 $a990005880460203316 951 $aVIII.3. 1377$b9050 L.G.$cVIII.3.$d00342828 959 $aBK 969 $aUMA 979 $aALESSANDRA$b90$c20130830$lUSA01$h1108 979 $aALESSANDRA$b90$c20130830$lUSA01$h1110 996 $aFantasma di Yorick$985761 997 $aUNISA